College writing skills, with readings / (Record no. 6398)
[ view plain ]
| 000 -LEADER | |
|---|---|
| fixed length control field | 00736cam a2200217 a 4500 |
| 020 ## - INTERNATIONAL STANDARD BOOK NUMBER | |
| ISBN | 0072871326 |
| 022 ## - INTERNATIONAL STANDARD SERIAL NUMBER | |
| ISSN | 9780072871326 |
| 050 00 - CALL NUMBER | |
| Classification number | PE1408 |
| Item number | .L3178 |
| 100 1# - AUTHOR | |
| Personal name | Langan, John,(ed.) |
| 245 10 - TITLE | |
| Title | College writing skills, with readings / |
| Statement of responsibility, etc | John Langan. |
| 250 ## - EDITION | |
| Edition statement | 6th ed. |
| 260 ## - PUBLICATION INFORMATION | |
| Place of publication | Boston : |
| Name of publisher | McGraw-Hill, |
| Year of publication | 2005. |
| 300 ## - DESCRIPTION | |
| Number of Pages | xxi, 734 p. : |
| Other physical details | ill. (some col.) ; |
| Dimensions | 24 cm. |
| 500 ## - NOTES | |
| General note | Includes index. |
| 505 ## - FORMATTED CONTENTS NOTE | |
| Table of Content | Part One. Essay Writing<br/>Part Two. Patterns of essay development<br/>Part Three. Special Skills<br/>Part Four. Handbook of sentence skills<br/> Index |
| 650 #0 - SUBJECTS | |
| Topical Term | English language |
| General subdivision | Rhetoric. |
| 650 #0 - SUBJECTS | |
| Topical Term | English language |
| General subdivision | Grammar. |
| 650 #0 - SUBJECTS | |
| Topical Term | College readers. |
| 650 #0 - SUBJECTS | |
| Topical Term | Report writing. |
| 942 ## - ADDED ENTRY ELEMENTS (KOHA) | |
| Koha item type | Books |
| Withdrawn status | Lost status | Collection code | Home library | Current library | Shelving location | Date acquired | Full call number | Accession Number | Koha item type |
|---|---|---|---|---|---|---|---|---|---|
| Reference | Methodist University Library Main | Methodist University Library Main | General Stacks | 14/04/2008 | PE1408 .L3178 | 22129 | Books | ||
| Reference | Methodist University Library Main | Methodist University Library Main | General Stacks | 14/04/2008 | PE1408 .L3178 | 22128 | Books |